|
|
|
|
| LEADER |
00990nam a2200253 a 4500 |
| 001 |
GR-Patra27362 |
| 008 |
081127s2004 mau g b 001 0 eng d |
| 020 |
|
|
|a 0205394841
|
| 040 |
|
|
|a GrPaTEI
|b gre
|c GR-PaULI
|
| 040 |
|
|
|a GrPaTEI
|b gre
|c GR-PaULI
|
| 082 |
|
0 |
|a 301
|2 22
|
| 100 |
1 |
|
|a Carter, Gregg Lee
|
| 245 |
1 |
0 |
|a Empirical approaches to sociology :
|b a collection of classic and contemporary readings /
|c Gregg Lee Carter.
|
| 250 |
|
|
|a 4th ed.
|
| 260 |
|
|
|a Boston :
|b Pearson,
|c c2004
|
| 300 |
|
|
|a xiv, 578 σ. :
|b εικ., πίν.
|
| 504 |
|
|
|a Περιλαμβάνει βιβλιογραφίες και ευρετήριο.
|
| 650 |
|
0 |
|a Sociology
|
| 650 |
|
4 |
|a Κοινωνιολογία
|
| 710 |
0 |
|
|a Pearson
|
| 942 |
|
|
|2 ddc
|
| 952 |
|
|
|0 0
|1 0
|2 ddc
|4 0
|6 301_000000000000000_CAR
|7 0
|9 310054
|a LISK
|b LISK
|c BSC
|d 2021-01-17
|e 24
|f 0
|g 0.00
|l 0
|o 301 CAR
|p 92410044635
|r 2021-01-17 00:00:00
|t 1
|w 2021-01-17
|y BK15
|x 20081127 0 1
|x GrPaTEI
|
| 971 |
|
|
|a .b26749348
|b 15-04-20
|c 26-09-16
|
| 999 |
|
|
|c 178415
|d 178415
|